000 00467nam a2200181Ia 4500
003 GCL
008 140319s9999 xx 000 0 eng d
040 _aGCL /
_cGCL
082 0 4 _a703
_bL P
100 1 _aLEVY, MERVYN
245 1 0 _aTHE PACKET DICTIONARY OF ART TERMS /
_cLEVY, MERVYN
260 _a[S.N] :
_bGRAPHIC SOCIETY ،
_c1962
300 _a121 P
650 0 4 _aARTS
650 0 4 _aENCYCLOPEDIAS AND DICTIONARIES
650 0 4 _aART, TERMS
942 _2ddc
_cBK
999 _c19567
_d19567